|
|
|
|
| LEADER |
01008nam a2200253 a 4500 |
| 001 |
GR-Antirio1165 |
| 008 |
150427s2002 xxu g 000 0 eng d |
| 020 |
|
|
|a 0072510242
|
| 040 |
|
|
|a GrPaTEI
|b gre
|c GR-PaULI
|
| 040 |
|
|
|a GrPaTEI
|b gre
|c GR-PaULI
|
| 082 |
|
0 |
|a 658.84
|2 22
|
| 100 |
1 |
|
|a Rayport, Jeffrey F.
|
| 245 |
1 |
0 |
|a Introduction to e-commerce /
|c Jeffrey F. Rayport, Bernard J. Jaworski.
|
| 260 |
|
|
|a Boston :
|b McGraw-Hill / Irwin,
|c 2002
|
| 300 |
|
|
|a xxxviii, 664 σ. :
|b εικ.
|
| 500 |
|
|
|a Περιλαμβάνει ευρετήριο.
|
| 650 |
|
0 |
|a Electronic commerce
|
| 650 |
|
4 |
|a Ηλεκτρονικό εμπόριο
|
| 700 |
1 |
|
|a Jaworski, Bernard J.
|
| 710 |
0 |
|
|a McGraw Hill/Irwin
|
| 942 |
|
|
|2 ddc
|
| 952 |
|
|
|0 0
|1 0
|2 ddc
|4 0
|6 658_840000000000000_RAY
|7 0
|9 263158
|a LISK-2
|b LISK-2
|c BSC
|d 2021-01-17
|e 24
|f 0
|g 0.00
|l 0
|o 658.84 RAY
|p 2430000007931
|r 2021-01-17 00:00:00
|t 1
|w 2021-01-17
|y BK15
|x 20150427 0 ΧΑΣΑΝΗ 1
|x GrPaTEI - Antirrio
|
| 971 |
|
|
|a .b25709641
|b 15-04-20
|c 12-09-16
|
| 999 |
|
|
|c 151486
|d 151486
|